000 00264nam a22000977a 4500
999 _c11232
_d11232
008 181106b ||||| |||| 00| 0 eng d
020 _a9788183507813
100 _aGrewals,T.S.
_93993
245 _aDouble Entry Book Keeping-XI
260 _aNew Delhi
_bSultan Chand
_c2018